000
00438nam a2200145Ia 4500
008
090122s9999 xx 000 0 und d
082
_b
9140
_a
170
100
_a
मंगरूळकर
_b
"अरविंद,"
_c
हातवळणे
245
_a
नीतिशतक
600
_a
मंगरूळकर
630
_a
नीतिशतक
700
_a
मंगरूळकर
730
_a
नीतिशतक
942
_c
BOOK
999
_c
33217
_d
33217